000 00877cam a2200289 a 4500
001 4243137
003 SISC
005 20160204082737.0
008 830516s1983 nyu 000 0beng
010 _a 83047863
020 _a0670111953
040 _aDLC
_cDLC
_dDLC
043 _an-us---
050 0 0 _aRJ 456.
_b.D315 1983
082 0 0 _aHS 920.362
_b D36 1983
100 1 _aDeford, Frank.
_911408
245 1 0 _aAlex, the life of a child /
_cFrank Deford.
260 _aNew York :
_bViking Press,
_cc1983.
300 _a196 p. ;
_c24 cm.
600 1 0 _aDeford, Alexandra,
_d1971-1980.
_911409
650 0 _aCystic fibrosis in children
_xPatients
_zUnited States
_xBiography.
_911410
650 0 _aTerminally ill children
_zUnited States
_xBiography.
_911411
906 _a7
_bcbc
_corignew
_d1
_eocip
_f19
_gy-gencatlg
942 _2lcc
_cBK
999 _c8833
_d8833